000 00993nam a2200289 i 4500
001 bg
003 BPK
005 20191231094749.0
008 001020s1996 pl f |000 0 pol
015 _aPB 2001/3951
020 _a8386514957
040 _aWA N
_cBPK
041 0 _apol
080 _a658.14/.17
080 _a657.62/.63
080 _a(07)
100 1 _aWiniarska, Kazimiera
_d(1948- )
_eAutor
245 1 0 _aKontrola finansowo-księgowa :
_bporadnik dla księgowych, właścicieli i pracowników urzędów skarbowych /
_cKazimiera Winiarska.
260 _aGdańsk-Wrzeszcz :
_bOśrodek Doradztwa i Doskonalenia Kadr,
_ccop. 1996.
300 _a147 s. ;
_c24 cm.
504 _aBibliogr.
655 4 _aPodręcznik
650 4 _aKontrola finansowa
710 2 _aOśrodek Doradztwa i Doskonalenia Kadr w Gdańsku
_4pbl.
856 _uhttp://koha.tu.koszalin.pl/cgi-bin/koha/opac-detail.pl?biblionumber=36308
_yKatalog online BPK
942 _2UKD
_cKS
999 _c36308
_d36308